Cuerpo(s), subjetividad(es) y conflicto(s): hacia una sociología de los cuerpos y las emociones desde Latinoamérica /
El libro reúne una serie de trabajos que contribuyen al debate interdisciplinario desde múltiples estrategias para indagar los vínculos entre cuerpo (s), subjetividades (es) y conflicto (s), presentando las voces de algunos sujetos actuantes analizando las acciones que producen resistiendo (o no ),...
Guardado en:
| Autor principal: | |
|---|---|
| Otros Autores: | |
| Formato: | Desconocido |
| Lenguaje: | Spanish |
| Publicado: |
Buenos Aires, Arigentina :
CLACSO ; CICCUS
|
| Colección: | Cuerpos en las márgenes
|
| Materias: | |
| Etiquetas: |
Agregar Etiqueta
Sin Etiquetas, Sea el primero en etiquetar este registro!
|
MARC
| LEADER | 00000 a2200000 04500 | ||
|---|---|---|---|
| 001 | 43610 | ||
| 003 | cru CIDCACS/IIS | ||
| 005 | 20170811161345.0 | ||
| 008 | 050701s2009 ag spa d | ||
| 999 | |c 7292 |d 7292 | ||
| 020 | |a 978-987-9355-91-6 | ||
| 040 | |c CIDCACS/IIS | ||
| 090 | |a 05.03.01 F471c | ||
| 100 | |a Figari, Carlos |e compilador | ||
| 245 | |a Cuerpo(s), subjetividad(es) y conflicto(s): |b hacia una sociología de los cuerpos y las emociones desde Latinoamérica / |c Carlos Figari y Adrián Scribano, compiladores. | ||
| 260 | |a Buenos Aires, Arigentina : |b CLACSO ; CICCUS | ||
| 300 | |a 156 páginas | ||
| 440 | |a Cuerpos en las márgenes | ||
| 520 | |a El libro reúne una serie de trabajos que contribuyen al debate interdisciplinario desde múltiples estrategias para indagar los vínculos entre cuerpo (s), subjetividades (es) y conflicto (s), presentando las voces de algunos sujetos actuantes analizando las acciones que producen resistiendo (o no ), sus experiencias. A partir de la convicción de que todo lo que sabemos del mundo lo interpretamos por y a través de nuestros cuerpos, la obra compila diferentes reflexiones al respecto desde América Latina. Los estudios presentados tienen la intención de conformar una sociología que construya el disfrute, la felicidad y la esperanza como temas teóricos y como acto descolonizador. | ||
| 590 | |a Clasificación del SIBDI 30408 C965cDISEMINAR072012/RRA/AGOSTO2012 | ||
| 650 | |a CUERPO | ||
| 650 | |a INVESTIGACION | ||
| 650 | |a DISCURSOS | ||
| 650 | |a DESIGUALDAD SOCIAL | ||
| 650 | |a CONFLICTOS SOCIALES | ||
| 650 | |a CAPITALISMO | ||
| 650 | |a VIOLENCIA | ||
| 650 | |a AMERICA LATINA | ||
| 700 | |a Scribano, Adrián, compilador | ||
| 942 | |2 ddc |c LI | ||



